Statistiques concernant Bulgarie + Roumanie = 18

Cliquez ici pour prendre le quiz!

Statistiques générales

  • Ce quiz a été pris 76 fois
  • Le résultat moyen est 9 sur 18

Statistiques - réponses

Réponse% Correct
Algérie
76%
Iran
76%
Albanie
69%
Arménie
66%
Mali
59%
Niger
56%
Nigeria
56%
Oman
56%
Birmanie
53%
Gabon
50%
Angola
44%
Liban
44%
Guinée
43%
Brunei
37%
Gambie
37%
Namibie
37%
Nauru
37%
Liberia
31%

Distribution des résultats

Percentile par nombre de réponses

% des personnes avec chaque résultat

Votre développement - résultats

Vous n’avez pas pris ce quiz